MARC details
| 000 -LEADER |
| campo de control de longitud fija |
02746nkm a22003017a 4500 |
| 001 - NÚMERO DE CONTROL |
| campo de control |
85799 |
| 005 - FECHA Y HORA DE LA ÚLTIMA TRANSACCIÓN |
| campo de control |
20260420102100.0 |
| 007 - CAMPO FIJO DE DESCRIPCIÓN FÍSICA--INFORMACIÓN GENERAL |
| campo de control de longitud fija |
kh boc |
| 008 - DATOS DE LONGITUD FIJA--INFORMACIÓN GENERAL |
| campo de control de longitud fija |
260414s1870 sp ||||| |||| |0| i|spa d |
| 040 ## - FUENTE DE CATALOGACIÓN |
| Centro catalogador/agencia de origen |
M-RABA |
| Lengua de catalogación |
spa |
| Centro/agencia transcriptor |
M-RABA |
| 100 1# - ENTRADA PRINCIPAL--NOMBRE DE PERSONA |
| Nombre de persona |
Alguacil, Casiano, |
| Fechas asociadas al nombre |
(1832-1914) |
| 9 (RLIN) |
111665 |
| 245 11 - MENCIÓN DEL TÍTULO |
| Título |
[Sepulcro del Arzobispo Juan Martinez Siliceo] |
| Mención de responsabilidad, etc. |
/ Casiano Alguacil |
| Medio |
[Material gráfico] |
| 260 ## - PUBLICACIÓN, DISTRIBUCIÓN, ETC. |
| Lugar de publicación, distribución, etc. |
Toledo |
| Nombre del editor, distribuidor, etc. |
: Casiano Alguacil |
| Fecha de publicación, distribución, etc. |
[ca. 1870] |
| 300 ## - DESCRIPCIÓN FÍSICA |
| Extensión |
1 fotografía |
| Otras características físicas |
: albúmina |
| Dimensiones |
; imagen 15 x 21 cm |
| -- |
; soporte secundario 24 x 33,5 cm |
| 500 00 - NOTA GENERAL |
| Nota general |
Fotografía sobre el Sepulcro del Arzobispo de Juan Martinez Siliceo, del autor Ricardo Bellver y Ramón (1890), ubicado en la capilla del Real Colegio de Doncellas Nobles en Toledo.<br/>Pertenece a la serie fotográfica de "Monumentos Artísticos de España" de Casiano Alguacil, indicado en el soporte secundario |
| 500 00 - NOTA GENERAL |
| Nota general |
Mención de responsabilidad impresa en el soporte secundario, a la izquierda: "C. Alguacil" y a la derecha "Toledo". |
| 500 00 - NOTA GENERAL |
| Nota general |
Dedicatoria manuscrita a tinta al recto: "Al Ilmo. Sr. Don Enrique Serrano Fatigati, su afmo amigo y compañero Ricardo Bellver". |
| 500 00 - NOTA GENERAL |
| Nota general |
Anotación manuscrita a tinta al verso: "Sepulcro en mármol del Arzobispo Juan Martinez Siliceo existente en la capilla del Colegio de Doncellas de Toledo. Las cuatro estatuas de loa ángulos de la urna sepultural representan las cuatro Virtudes Cardinales. El bajo relieve que se ve en esta fotografía representa el momento de recibir el título y nombramiento de preceptor del entonces niño Don Felipe II. El relieve del otro costado representa el reparto de premios a las educandas por el fundador Siliceo. En el testero hay un relieve representando la caridad, y en el opuesto el escudo cardenalicio. La escocia de la tapa está decorada con colgantes de siemprevivas, adormideras y margaritas enlazadas con medallones en los que están esculpidos atributos cristianos. Los pies de la estatua apoyan en mi cartela donde está grabada la inscripción dedicatoria". |
| 500 00 - NOTA GENERAL |
| Nota general |
Fecha tomada del periodo de actividad de fotógrafo en Toledo en su serie Monumentos artísticos de España. |
| 600 17 - PUNTO DE ACCESO ADICIONAL DE MATERIA--NOMBRE DE PERSONA |
| Nombre de persona |
Bellver y Ramón, Ricardo ( |
| Fechas asociadas al nombre |
1845-1924) |
| 9 (RLIN) |
6485 |
| 610 10 - PUNTO DE ACCESO ADICIONAL DE MATERIA--NOMBRE DE ENTIDAD CORPORATIVA |
| Nombre de entidad corporativa o nombre de jurisdicción como elemento de entrada |
Colegio de las Doncellas Nobles de Toledo |
| 9 (RLIN) |
111676 |
| 651 #7 - PUNTO DE ACCESO ADICIONAL DE MATERIA--NOMBRE GEOGRÁFICO |
| Nombre geográfico |
Toledo (España) |
| 9 (RLIN) |
75550 |
| 655 #0 - TERMINO DE INDIZACIÓN--GENERO/FORMA |
| Datos o término principal de género/forma |
Fotografías de monumentos |
| 9 (RLIN) |
111580 |
| 852 ## - LOCALIZACIÓN |
| Número de control de estantería |
Fot-639 |
| 856 ## - LOCALIZACIÓN Y ACCESO ELECTRÓNICOS |
| Identificador Uniforme de Recurso |
<a href="https://archivoybiblioteca.realacademiabellasartessanfernando.com/cgi-bin/koha/opac-retrieve-file.pl?id=f6c3edc3639803e07879b7e60b5bd6f2">https://archivoybiblioteca.realacademiabellasartessanfernando.com/cgi-bin/koha/opac-retrieve-file.pl?id=f6c3edc3639803e07879b7e60b5bd6f2</a> |
| Texto de enlace |
Fot-639r |
| 856 ## - LOCALIZACIÓN Y ACCESO ELECTRÓNICOS |
| Identificador Uniforme de Recurso |
<a href="https://archivoybiblioteca.realacademiabellasartessanfernando.com/cgi-bin/koha/opac-retrieve-file.pl?id=0acea2fbd858a74b26238f157358facf">https://archivoybiblioteca.realacademiabellasartessanfernando.com/cgi-bin/koha/opac-retrieve-file.pl?id=0acea2fbd858a74b26238f157358facf</a> |
| Texto de enlace |
Fot-639v |
| 942 ## - ELEMENTOS DE ENTRADA SECUNDARIOS (KOHA) |
| Tipo de ítem Koha |
Fotografías |
| Suprimir en OPAC |
No |